Sústava riadenia fy. Baťa - základ pre európsky systém riadenia

Praktické prínosy Tomáša Baťu k ekonomickej teórii. Baťova sústava riadenia. Výber prínosov niektorých prvkov Baťovho systému riadenia pre prax a vyučovací proces. Spoluúčasť zamestnancov na trvalom zlepšovaní. Školenie a výchova pracovníkov. Odmena za prácu.

Salvato in:
Dettagli Bibliografici
Autore principale: Burcl, Rudolf
Natura: Capitolo di libro
Lingua:slovacco
Soggetti:
Tags: Aggiungi Tag
Nessun Tag, puoi essere il primo ad aggiungerne!!

MARC

LEADER 00000naa$a2200000$$$4500
001 0045634
005 20231013084255.8
041 0 |a slo 
044 |a SK 
245 1 0 |a Sústava riadenia fy. Baťa - základ pre európsky systém riadenia  |c Rudolf Burcl 
520 |a Praktické prínosy Tomáša Baťu k ekonomickej teórii. Baťova sústava riadenia. Výber prínosov niektorých prvkov Baťovho systému riadenia pre prax a vyučovací proces. Spoluúčasť zamestnancov na trvalom zlepšovaní. Školenie a výchova pracovníkov. Odmena za prácu. 
610 2 0 |a stratégia podnikateľská 
610 2 0 |a batizmus 
610 2 0 |a systémy riadenia 
610 2 0 |a podnikanie 
610 2 0 |a Baťa, T. 
100 1 |a Burcl, Rudolf